000 00281nam a22001337a 4500
008 180129b xxu||||| |||| 00| 0 eng d
020 _a509250001
041 _aeng
080 _a941
100 _a16
101 _aHIS
245 _aLibrary Trenas
_cWinger, H.W
942 _2udc
_cBK
999 _c41188
_d41188